Welcome to the Holygrace Academy Library

Please use search bar below to get started

WE'VE GOT TO STOP MEETING LIKE THIS (Record no. 6450)

MARC details
000 -LEADER
fixed length control field 00615nam a22001457a 4500
020 ## - INTERNATIONAL STANDARD BOOK NUMBER
ISBN 0-340-26664-3
082 ## - DEWEY DECIMAL CLASSIFICATION NUMBER
Classification number 823
Item number PAR/W
100 ## - MAIN ENTRY--AUTHOR NAME
Personal name PARKER, BRANT
245 ## - TITLE STATEMENT
Title WE'VE GOT TO STOP MEETING LIKE THIS
260 ## - PUBLICATION, DISTRIBUTION, ETC. (IMPRINT)
Place of publication LONDON
Name of publisher FAWCETT PUBLICATIONS , INC
Year of publication 1981
300 ## - PHYSICAL DESCRIPTION
Number of Pages 74
520 ## - SUMMARY, ETC.
Summary, etc The book is centered on two topics: Quinn is about to leave for the college and feels pressure of her parents who want her chase the same career choices they've made and work in family business which she doesn't truly want to involve but she also doesn't want to hurt their feelings.
650 ## - SUBJECT ADDED ENTRY--TOPICAL TERM
Topical Term SHORT STORY
942 ## - ADDED ENTRY ELEMENTS (KOHA)
Koha item type Books
Holdings
Withdrawn status Lost status Collection code Home library Current library Shelving location Date acquired Source of acquisition Cost, normal purchase price Full call number Accession Number Koha item type
    Fiction Main Library Main Library SHELF 15-K-CHILDREN'S STORYBOOKS 19/07/2019 Purchase 75.00 823 PAR/W 11389 Books